Chaos in classical and quantum mechanics

Αποθηκεύτηκε σε:
Λεπτομέρειες βιβλιογραφικής εγγραφής
Κύριος συγγραφέας: Gutzwiller, Martin C.
Μορφή: Βιβλίο
Γλώσσα:English
Δημοσίευση: New York : Springer-Verlag, c1990
Σειρά:Interdisciplinary applied mathematics ; ; 1
Θέματα:
Ετικέτες: Προσθήκη ετικέτας
Δεν υπάρχουν, Καταχωρήστε ετικέτα πρώτοι!

MARC

LEADER 00000cam a2200000 i 4500
001 1/32139
008 941103s1990 eng d
020 |a 0387971734 
020 |a 3540971734 
035 |l 10039020 
035 |a 1991  |c ΣΕΙΜΕΝΗΣ 
040 |a GR-MY-UA  |b gre  |e aacr 
041 0 |a eng 
082 0 |a 531  |2 (20) 
100 1 |a Gutzwiller, Martin C. 
245 1 0 |a Chaos in classical and quantum mechanics /  |c Martin C. Gutzwiller 
260 |a New York :   |b Springer-Verlag,   |c c1990 
300 |a xiii, 432 p.;  |b ill.;  |c 25 cm 
490 1 |a Interdisciplinary applied mathematics  |v ; 1 
504 |a Includes bibliographical references (p. [410]-426) and index 
650 0 0 |a Mechanics. 
650 0 0 |a Quantum chaos. 
650 0 0 |a Astronomy. 
830 0 |a Interdisciplinary applied mathematics ;  |v ; 1 
852 |a INST  |b SAMOS  |e 19941103  |h 531 GUT  |p 005300002999  |q 005300002999  |t BK  |y 0 
909 |a Σ  |b 021035